书目信息 |
| 题名: |
车工
|
|
| 作者: | ;上海市第一机电工业局 编 | |
| 分册: | ||
| 出版信息: | 北京 机械工业出版社 1973 |
|
| 页数: | 596页 | |
| 开本: | 19cm | |
| 丛书名: | ||
| 单 册: | ||
| 中图分类: | TG5 | |
| 科图分类: | ||
| 主题词: | 金属切削--技术教育--教材 , 金属加工--机具 , 机床 | |
| 电子资源: | ||
| ISBN: | ||
| 000 | 00781nam0 2200277 45 | |
| 001 | 0185019403 | |
| 005 | 20060522165036.26 | |
| 010 | @dCNY1.20 | |
| 091 | @a15033.4183 | |
| 100 | @a19900918d1973 em y0chiy0121 ea | |
| 101 | 0 | @achi |
| 102 | @aCN@b110000 | |
| 105 | @ay z 000yy | |
| 200 | 10 | @a车工@Ache gong@f上海市第一机电工业局编@Fshang hai shi di yi ji dian gong ye ju bian |
| 210 | @a北京@c机械工业出版社@d1973 | |
| 215 | @a596页@d19cm | |
| 300 | @a工人技术教育读本 | |
| 606 | @a金属切削@x技术教育@x教材 | |
| 606 | 0 | @a金属加工@x机具 |
| 606 | 0 | @a机床 |
| 610 | 0 | @a车工 |
| 690 | @aTG5@v4 | |
| 711 | 02 | @a上海市第一机电工业局@Ashang hai shi di yi ji dian gong ye ju@4编 |
| 801 | 0 | @aCN@bTSSF@c20060522 |
| 801 | 2 | @aCN@bNLC@c20060515 |
| 905 | @a10447@dTG5@e8 | |
| 车工/上海市第一机电工业局编.-北京:机械工业出版社,1973 |
| 596页;19cm |
| 工人技术教育读本 |
| ISBN :CNY1.20 |
| ● |
| 相关链接 |
|
|
|
|
正题名:车工
索取号:TG5/8
 
预约/预借
| 序号 | 登录号 | 条形码 | 馆藏地/架位号 | 状态 | 备注 |
| 1 | 0011994 | 202370558 | 密集书库/ [索取号:TG5/8] | 在馆 | |
| 2 | 0017620 | 202323280 | 密集书库/ [索取号:TG5/8] | 在馆 |